000 00488nam a2200169 4500
001 108401
003 ES-MaACL
005 20250407063109.0
007 t|
008 061121s1946 sp r ||||1| spa d
100 1 _aMontero Díaz, Santiago,
_d1911-1985
_982517
245 1 0 _aLiteratura holandesa /
_cSantiago Montero Díaz.
260 _aMadrid :
_b[s.n.],
_c1946 (
_f[s.i.])
300 _a4 h. ;
_c24 cm.
852 _aES-MaACL
_j1580-F-8
_bR.24034
999 _c108401
_d108401